El mundo de los anticuarios
Na minha lista:
| Autor principal: | |
|---|---|
| Formato: | Livro |
| Idioma: | espanhol |
| Publicado em: |
Barcelona
Zeus
1962
|
| Assuntos: | |
| Tags: |
Adicionar Tag
Sem tags, seja o primeiro a adicionar uma tag!
|
MARC
| LEADER | 00000nam a2200000 a 4500 | ||
|---|---|---|---|
| 001 | UCH2936 | ||
| 003 | CL-VaPUC | ||
| 008 | 090709e19620000SP |||||||||||||||||spa|d | ||
| 082 | 0 | 4 | |a 853 |b BEL |2 21 |
| 100 | 0 | |a Bellini, Luigi |e author |9 538016 | |
| 245 | 1 | 3 | |a El mundo de los anticuarios |
| 300 | |a 328 p | ||
| 942 | |c BK | ||
| 945 | |d 20090709 00:00:00 |a rbrito | ||
| 260 | |a Barcelona |b Zeus |c 1962 | ||
| 650 | 0 | |a Novela italiana |9 265740 | |
| 583 | |a last modification |c 20090709 00:00:00 |k Rodrigo Vera | ||
| 999 | |c 334596 |d 334594 | ||
| 952 | |0 0 |1 0 |4 0 |6 853_000000000000000_BEL_1962 |7 0 |8 X |9 423707 |a FDOBUD |b FDOBUD |d 2019-11-22 |i 4566580 |o 853 BEL 1962 |p 4566580 |r 2019-11-22 |w 2019-11-22 |y BK_X |k BUD | ||